[Event "30. Augsburger Friedensfest-Open"]
[Site "Augsburg"]
[Date "2025.08.07"]
[Round "2.50"]
[White "Wietschorke, Jens"]
[Black "Turba, Vincent"]
[Result "1-0"]
[WhiteElo "1841"]
[BlackElo "1668"]
[EventDate "2025.08.07"]
[Time "15:30:00"]
[WhiteNrv "1841"]
[BlackNrv "1668"]
[WhiteTwz "1841"]
[BlackTwz "1668"]
[WhiteFideId "16296176"]
[BlackFideId "34612998"]
[WhiteNatFedId "10242290"]
[BlackNatFedId "10740126"]
[WhiteAttr "M"]
[BlackAttr "M"]
[WhiteTeam "SK Caissa Augsburg"]
[BlackTeam "SK 1926 Noerdlingen-Ries"]

1.e4 e6 2.Nf3 d5 3.e5 c5 4.b4 cxb4 5.d4 Nc6 6.a3 Bd7 7.axb4 Bxb4+ 8.c3 Be7
9.Bd3 a6 10.O-O Na7 11.Na3 Rc8 12.Bd2 Bxa3 13.Rxa3 Bb5 14.Qb1 Bxd3 15.Qxd3
Ne7 16.Rc1 Rc4 17.Ng5 h6 18.Ne4 Nb5 19.Rb3 Nc8 20.Nc5 Qe7 21.f4 Nca7 22.f5
a5 23.fxe6 O-O 24.Nd7 a4 25.Nxf8 Qxf8 26.exf7+ Qxf7 27.Rb4 Qc7 28.Rxc4 
Qxc4 29.Qg6 Nxc3 30.Bxc3 a3 31.e6 Qc7 32.Rf1 1-0

[Event "30. Augsburger Friedensfest-Open"]
[Site "Augsburg"]
[Date "2025.08.07"]
[Round "2.51"]
[White "Lohr, Alexander"]
[Black "Peck, Malcolm"]
[Result "1/2-1/2"]
[WhiteElo "1692"]
[BlackElo "1799"]
[EventDate "2025.08.07"]
[Time "15:30:00"]
[WhiteNrv "1692"]
[BlackNrv "1799"]
[WhiteTwz "1692"]
[BlackTwz "1799"]
[WhiteFideId "16297865"]
[BlackFideId "12902756"]
[WhiteNatFedId "10578753"]
[BlackNatFedId "10161218"]
[WhiteAttr "M"]
[BlackAttr "M"]
[WhiteTeam "FC Ergolding 1932 e.V."]
[BlackTeam "SK Koenigsbrunn"]

1.d4 d5 2.Nf3 Nf6 3.Bg5 e6 4.e3 Be7 5.Bd3 Nbd7 6.Nbd2 c5 7.c3 h6 8.Bh4 O-O
9.O-O Ng4 10.Bxe7 Qxe7 11.h3 e5 12.hxg4 e4 13.Be2 exf3 14.Nxf3 Nf6 15.Ne5 
Qe6 16.f3 Qb6 17.Rb1 Re8 18.g3 Be6 19.Kg2 Rac8 20.Rh1 Nd7 21.f4 f6 22.g5 
fxe5 23.gxh6 e4 24.hxg7 Nf6 25.Bh5 Ng4 26.Qe2 Kxg7 27.Bxe8 Rxe8 28.Rh4 Nf6
29.Rbh1 cxd4 30.exd4 Qa6 31.Qxa6 bxa6 32.Kf2 Bg4 33.Re1 Bf3 34.g4 Rb8 35.
b3 Rc8 36.g5 Ng4+ 37.Kg3 Rxc3 38.Rxg4 Rc2 39.Rh4 Rg2+ 40.Kh3 Rxa2 41.Rc1 
e3 42.Kg3 Be4 43.Rc7+ Kg8 44.Rc8+ Kg7 1/2-1/2

[Event "30. Augsburger Friedensfest-Open"]
[Site "Augsburg"]
[Date "2025.08.08"]
[Round "3.1"]
[White "Pogan, Nikolas"]
[Black "Boehm, Korbinian"]
[Result "1/2-1/2"]
[WhiteElo "2190"]
[BlackElo "1928"]
[EventDate "2025.08.07"]
[Time "09:30:00"]
[WhiteNrv "2190"]
[BlackNrv "1928"]
[WhiteTwz "2190"]
[BlackTwz "1928"]
[WhiteTitle "FM"]
[WhiteFideId "24673579"]
[BlackFideId "16211561"]
[WhiteNatFedId "10166052"]
[BlackNatFedId "10019245"]
[WhiteAttr "*"]
[BlackAttr "M"]
[WhiteTeam "Heilbronner SV"]
[BlackTeam "Sportfr.Windach e.V.1923"]

1.Nf3 Nf6 2.g3 g6 3.b3 Bg7 4.Bb2 d6 5.d4 O-O 6.Bg2 c5 7.e3 Qc7 8.O-O b6 9.
c4 Bb7 10.Nc3 Na6 11.d5 Rad8 12.Qd2 Qb8 13.e4 Bc8 14.Rfe1 Nd7 15.h3 Nc7 
16.Qe2 a6 17.Nd2 b5 18.f4 bxc4 19.Nxc4 Nb5 20.Nxb5 Bxb2 21.Qxb2 axb5 22.
Na5 Rde8 23.e5 Qb6 24.Nc6 Nb8 25.Qf2 b4 26.a4 bxa3 27.Rxa3 Nxc6 1/2-1/2

[Event "30. Augsburger Friedensfest-Open"]
[Site "Augsburg"]
[Date "2025.08.08"]
[Round "3.2"]
[White "Yaroshenko, Yaroslav"]
[Black "Garcia Ramos, Marcos"]
[Result "1-0"]
[WhiteElo "1918"]
[BlackElo "2180"]
[EventDate "2025.08.07"]
[Time "09:30:00"]
[WhiteNrv "1918"]
[BlackNrv "2180"]
[WhiteTwz "1918"]
[BlackTwz "2180"]
[WhiteFideId "16204905"]
[BlackFideId "2237601"]
[WhiteNatFedId "10277356"]
[BlackNatFedId "10282965"]
[WhiteAttr "M"]
[BlackAttr "M"]
[WhiteTeam "SK Graefelfing"]
[BlackTeam "SC 1934 Gelnhausen"]

1.d4 d5 2.Nf3 Nf6 3.e3 Nbd7 4.Bd3 g6 5.O-O Bg7 6.b3 O-O 7.Bb2 e5 8.Nfd2 e4
9.Be2 Re8 10.c4 c6 11.Nc3 a6 12.Rc1 Nf8 13.cxd5 cxd5 14.b4 h5 15.a4 h4 16.
a5 N8h7 17.Na4 Bf5 18.Nb6 Rb8 19.Ba3 Nd7 20.Nxd5 Ndf6 21.Nb6 Bf8 22.Qa4 
Ng5 23.b5 Bxa3 24.Qxa3 h3 25.g3 Bg4 26.Bxg4 Nxg4 27.bxa6 Qf6 28.Nd5 Qxa6 
29.Qc5 Kg7 30.Nf4 Qf6 31.Qb6 Qe7 32.Rc7 Qd8 33.Qxg6+ Kf8 34.Rxf7+ Nxf7 35.
Qxg4 Qxa5 36.Ng6+ Kg7 37.Ne5+ 1-0

[Event "30. Augsburger Friedensfest-Open"]
[Site "Augsburg"]
[Date "2025.08.08"]
[Round "3.3"]
[White "Winkelmeier, Alfred"]
[Black "Bilchinski, Anton"]
[Result "0-1"]
[WhiteElo "1815"]
[BlackElo "2162"]
[EventDate "2025.08.07"]
[Time "09:30:00"]
[WhiteNrv "1815"]
[BlackNrv "2162"]
[WhiteTwz "1815"]
[BlackTwz "2162"]
[BlackTitle "FM"]
[WhiteFideId "4680308"]
[BlackFideId "24615765"]
[WhiteNatFedId "10243648"]
[BlackNatFedId "10254221"]
[WhiteAttr "M"]
[BlackAttr "M"]
[WhiteTeam "SV Ilmmuenster"]
[BlackTeam "SC Eppingen"]

1.e4 g6 2.d4 Bg7 3.Bc4 d6 4.c3 Nf6 5.f3 Nc6 6.Ne2 O-O 7.O-O d5 8.Bd3 e5 9.
Bg5 exd4 10.Nxd4 Nxd4 11.cxd4 dxe4 12.Bxe4 h6 13.Be3 Nd5 14.Bf2 Be6 15.Nc3
c6 16.Qd2 f5 17.Bc2 Nb6 18.b3 Qd7 19.Rad1 Rad8 20.Ne2 Nd5 21.Rfe1 Qd6 22.
Bg3 Qb4 23.Qxb4 Nxb4 24.Bb1 Bf7 25.Bc7 Rd7 26.Be5 Rfd8 27.Bxg7 Kxg7 28.Rc1
Na6 29.Bd3 Nc7 30.Bc4 Bxc4 31.Rxc4 Ne6 32.Kf2 Kf6 33.Ke3 Re7 34.Kf2 Rd6 
35.a4 Red7 36.Ke3 b5 37.axb5 cxb5 38.Rb4 Nc7 39.Nc3 Rc6 40.Kd3 Rxc3+ 41.
Kxc3 Nd5+ 0-1

[Event "30. Augsburger Friedensfest-Open"]
[Site "Augsburg"]
[Date "2025.08.08"]
[Round "3.4"]
[White "Blodig, Vincent"]
[Black "Mayer, Manuel"]
[Result "1-0"]
[WhiteElo "2054"]
[BlackElo "1900"]
[EventDate "2025.08.07"]
[Time "09:30:00"]
[WhiteNrv "2054"]
[BlackNrv "1900"]
[WhiteTwz "2054"]
[BlackTwz "1900"]
[WhiteFideId "16297857"]
[BlackFideId "34636838"]
[WhiteNatFedId "10680650"]
[BlackNatFedId "10762354"]
[WhiteAttr "M"]
[BlackAttr "M"]
[WhiteTeam "SF Augsburg"]
[BlackTeam "TSV Landsberg 1882"]

1.e4 c6 2.Nf3 d5 3.d3 Bg4 4.h3 Bxf3 5.Qxf3 Nd7 6.g3 Ngf6 7.Bg2 dxe4 8.dxe4
e5 9.O-O Bc5 10.Nd2 O-O 11.a4 a5 12.Nc4 Re8 13.h4 b5 14.Ne3 Qb6 15.Bh3 Bf8
16.Bxd7 Nxd7 17.h5 h6 18.Nf5 Qc5 19.Be3 Qc4 20.Rfd1 Nc5 21.Bxc5 Bxc5 22.
Qg4 Bf8 23.b3 Qe6 24.Rd6 Qxd6 25.Nxd6 Bxd6 26.axb5 cxb5 27.Qd7 Bb4 28.Qxb5
Rad8 29.c4 Re6 30.Rc1 Rd2 31.c5 Ba3 32.Rc3 Rf6 33.c6 Bd6 34.f3 g6 35.Qxa5 
Kg7 36.c7 Bxc7 37.Qxc7 Rfd6 38.hxg6 Rd1+ 39.Kf2 R1d2+ 40.Ke3 Kxg6 41.Rc6 
Rd3+ 42.Ke2 Rd2+ 43.Kf1 Rd1+ 44.Kg2 Rd2+ 45.Kh3 Rxc6 46.Qxc6+ Kg5 47.Qc1 
1-0

[Event "30. Augsburger Friedensfest-Open"]
[Site "Augsburg"]
[Date "2025.08.08"]
[Round "3.5"]
[White "Kamenskyi, Dmytro"]
[Black "Poetsch, Hagen"]
[Result "1/2-1/2"]
[WhiteElo "2049"]
[BlackElo "2479"]
[EventDate "2025.08.07"]
[Time "09:30:00"]
[WhiteNrv "2049"]
[BlackNrv "2479"]
[WhiteTwz "2049"]
[BlackTwz "2479"]
[BlackTitle "GM"]
[WhiteFideId "34123466"]
[BlackFideId "24615137"]
[WhiteNatFedId "10745791"]
[BlackNatFedId "10165992"]
[WhiteAttr "M"]
[BlackAttr "M"]
[WhiteTeam "SK Kriegshaber"]
[BlackTeam "SC Heusenstamm"]

1.Nf3 Nf6 2.c4 e6 3.g3 d5 4.Bg2 dxc4 5.Qa4+ Nbd7 6.Qxc4 a6 7.Qc2 c5 8.Nc3 
Qc7 9.d4 b5 10.Bf4 Qb6 11.a4 Bb7 12.dxc5 Bxc5 13.O-O O-O 14.h3 Rac8 15.
axb5 axb5 16.Qb3 b4 17.Na4 Qb5 18.Nc3 Qb6 19.Na4 Qb5 20.Nc3 Bd5 21.Nxd5 
Nxd5 22.Rfe1 Bb6 23.Bd6 Bxf2+ 24.Kxf2 Qb6+ 25.Kf1 Ne3+ 26.Kg1 Nc2+ 27.Kh2 
Nxe1 28.Bxf8 Nxg2 29.Kxg2 Kxf8 30.Qd3 Nf6 31.Ra6 Qc5 32.Ra4 Nd5 33.Qxh7 
Ne3+ 34.Kh2 Nf5 35.Kg2 Qd6 36.Qh8+ Ke7 37.Qxc8 Qxg3+ 38.Kh1 Qxh3+ 39.Kg1 
Qg3+ 40.Kh1 Qh3+ 41.Kg1 1/2-1/2

[Event "30. Augsburger Friedensfest-Open"]
[Site "Augsburg"]
[Date "2025.08.08"]
[Round "3.6"]
[White "Arun Kataria"]
[Black "Kaufmann, Kurt"]
[Result "1-0"]
[WhiteElo "2308"]
[BlackElo "1998"]
[EventDate "2025.08.07"]
[Time "09:30:00"]
[WhiteNrv "2308"]
[BlackNrv "1998"]
[WhiteTwz "2308"]
[BlackTwz "1998"]
[WhiteTitle "FM"]
[WhiteFideId "46630368"]
[BlackFideId "4621301"]
[BlackNatFedId "10101093"]
[WhiteAttr "M"]
[BlackAttr "M"]
[WhiteTeam "?"]
[BlackTeam "SK 1926 Noerdlingen-Ries"]

1.e4 e5 2.Nf3 Nc6 3.Bc4 Nf6 4.Ng5 Bc5 5.Bxf7+ Ke7 6.Bb3 Rf8 7.d3 d6 8.Nf3 
Qe8 9.Be3 Bg4 10.Nbd2 Nd4 11.c3 Nxf3+ 12.gxf3 Nxe4 13.dxe4 Rxf3 14.Nxf3 
Bxe3 15.fxe3 Qh5 16.Qd5 Rf8 17.O-O-O Bxf3 18.Qxb7 1-0

[Event "30. Augsburger Friedensfest-Open"]
[Site "Augsburg"]
[Date "2025.08.08"]
[Round "3.7"]
[White "Soergel, Thomas"]
[Black "Lupor, Andre"]
[Result "0-1"]
[WhiteElo "2018"]
[BlackElo "2276"]
[EventDate "2025.08.07"]
[Time "09:30:00"]
[WhiteNrv "2018"]
[BlackNrv "2276"]
[WhiteTwz "2018"]
[BlackTwz "2276"]
[BlackTitle "FM"]
[WhiteFideId "4667980"]
[BlackFideId "4680103"]
[WhiteNatFedId "10209978"]
[WhiteAttr "M"]
[BlackAttr "M"]
[WhiteTeam "SK Graefelfing"]
[BlackTeam "?"]

1.c4 g6 2.Nc3 c5 3.g3 Bg7 4.Bg2 Nc6 5.Nf3 d6 6.O-O Bf5 7.b3 Qd7 8.Re1 Nf6 
9.Bb2 O-O 10.d3 Bh3 11.Bh1 Bg4 12.Qd2 e5 13.Nh4 Rae8 14.Nd5 Nxd5 15.Bxd5 
Ne7 16.f3 Bh3 17.e4 Nxd5 18.cxd5 Qe7 19.Ng2 f5 20.f4 fxe4 21.fxe5 Bxe5 22.
Rxe4 Bf5 23.Ree1 Qf6 24.Bxe5 Rxe5 25.Nf4 Rfe8 26.Kg2 g5 27.Nh5 Qg6 28.g4 
Bxg4 29.Ng3 Qf7 30.Rxe5 Rxe5 31.Ne4 h6 32.Kg1 Rf5 33.Qc3 Bh3 34.Ng3 Rf2 
35.Re1 Rg2+ 36.Kh1 Rxg3 0-1

[Event "30. Augsburger Friedensfest-Open"]
[Site "Augsburg"]
[Date "2025.08.08"]
[Round "3.8"]
[White "Duong, Quang Bach"]
[Black "Filin, Denys"]
[Result "1-0"]
[WhiteElo "2234"]
[BlackElo "1960"]
[EventDate "2025.08.07"]
[Time "09:30:00"]
[WhiteNrv "2234"]
[BlackNrv "1960"]
[WhiteTwz "2234"]
[BlackTwz "1960"]
[WhiteFideId "16287045"]
[BlackFideId "14173476"]
[WhiteNatFedId "10626174"]
[BlackNatFedId "10658679"]
[WhiteAttr "M"]
[BlackAttr "M"]
[WhiteTeam "SF Augsburg"]
[BlackTeam "SK Kriegshaber"]

1.e4 e5 2.Nf3 Nc6 3.Bc4 Nf6 4.Ng5 d5 5.exd5 Na5 6.Bb5+ c6 7.dxc6 bxc6 8.
Qf3 Qb6 9.Bd3 Bd6 10.Nc3 Nb7 11.Nce4 Be7 12.O-O h6 13.Nxf6+ gxf6 14.Nxf7 
Kxf7 15.Qh5+ Ke6 16.Bf5+ Kd6 17.d4 Bxf5 18.Qxf5 Rad8 19.Be3 Qa6 20.dxe5+ 
fxe5 21.Qf7 Rde8 22.Bxh6 Qe2 23.Rfe1 Qg4 24.Bg7 Rhg8 25.Bxe5+ Kd7 26.Bg3 
Nd6 27.Rad1 Rg6 28.Qb3 Kc7 29.c4 Bh4 30.Rxe8 1-0

[Event "30. Augsburger Friedensfest-Open"]
[Site "Augsburg"]
[Date "2025.08.08"]
[Round "3.9"]
[White "Boehme, Markus"]
[Black "Gruber, Johannes"]
[Result "1-0"]
[WhiteElo "2212"]
[BlackElo "1916"]
[EventDate "2025.08.07"]
[Time "09:30:00"]
[WhiteNrv "2212"]
[BlackNrv "1916"]
[WhiteTwz "2212"]
[BlackTwz "1916"]
[WhiteFideId "12946850"]
[BlackFideId "12915521"]
[WhiteNatFedId "10259261"]
[WhiteAttr "M"]
[BlackAttr "M"]
[WhiteTeam "SC Uttenreuth e.V."]
[BlackTeam "?"]

1.Nf3 c5 2.c4 g6 3.d4 cxd4 4.Nxd4 Bg7 5.e4 Nc6 6.Be3 Nf6 7.Nc3 O-O 8.Be2 
d6 9.O-O Bd7 10.h3 a6 11.Nf3 b6 12.Rc1 Rb8 13.Nd2 Ne8 14.Nf3 Nf6 15.a3 Rb7
16.b4 Ne8 17.Qb3 Nc7 18.Nd5 Ne6 19.Rfd1 Kh8 20.Qb1 f5 21.exf5 Rxf5 22.Nh4 
Rf7 23.Bd3 Nf8 24.Bg5 Ne5 25.Be4 h6 26.Be3 e6 27.Nf4 Qxh4 28.g3 Qd8 29.
Bxb7 Ba4 30.Be4 Bxd1 31.Rxd1 g5 32.Ng6+ Nfxg6 33.Bxg6 Nxg6 34.Qxg6 Rf6 35.
Qe4 Qc7 36.Qa8+ Rf8 37.Qxa6 Qc6 38.Qxb6 Qf3 39.Qxd6 Kh7 40.Qd3+ Kg8 41.Bc5
Bd4 42.Bxd4 1-0

[Event "30. Augsburger Friedensfest-Open"]
[Site "Augsburg"]
[Date "2025.08.08"]
[Round "3.10"]
[White "Kelembet, Maksym"]
[Black "Hoepfl, Thomas Dr."]
[Result "1/2-1/2"]
[WhiteElo "1952"]
[BlackElo "2194"]
[EventDate "2025.08.07"]
[Time "09:30:00"]
[WhiteNrv "1952"]
[BlackNrv "2194"]
[WhiteTwz "1952"]
[BlackTwz "2194"]
[BlackTitle "FM"]
[WhiteFideId "34684735"]
[BlackFideId "4615182"]
[WhiteNatFedId "10828571"]
[BlackNatFedId "10086024"]
[WhiteAttr "M"]
[BlackAttr "M"]
[WhiteTeam "SV Jedesheim 1921"]
[BlackTeam "SV Saalespringer Halle"]

1.d4 Nf6 2.Nf3 e6 3.c4 Bb4+ 4.Bd2 c5 5.Bxb4 cxb4 6.e3 O-O 7.Bd3 d6 8.O-O 
Nc6 9.Qc2 e5 10.Nbd2 Bg4 11.h3 Bxf3 12.Nxf3 Qe7 13.dxe5 dxe5 14.Ng5 g6 15.
Ne4 Ne8 16.c5 f5 17.Nd6 Nxd6 18.cxd6 Qxd6 19.Rfd1 Qe7 20.Bb5 Rac8 21.Rac1 
Kh8 22.Qc5 Qxc5 23.Rxc5 e4 24.Rd7 Na5 25.Re5 Rfe8 26.Rxe8+ Rxe8 27.Rd4 Rc8
28.Rxb4 Rc1+ 29.Kh2 Rd1 30.Ra4 b6 31.b4 1/2-1/2

[Event "30. Augsburger Friedensfest-Open"]
[Site "Augsburg"]
[Date "2025.08.08"]
[Round "3.11"]
[White "Romfeld, Michael"]
[Black "Timm, Jasper"]
[Result "1/2-1/2"]
[WhiteElo "2162"]
[BlackElo "1886"]
[EventDate "2025.08.07"]
[Time "09:30:00"]
[WhiteNrv "2162"]
[BlackNrv "1886"]
[WhiteTwz "2162"]
[BlackTwz "1886"]
[WhiteFideId "16211537"]
[BlackFideId "34614613"]
[WhiteNatFedId "10180068"]
[BlackNatFedId "10762306"]
[WhiteAttr "M"]
[BlackAttr "M"]
[WhiteTeam "SAbt TSV Haunstetten"]
[BlackTeam "SK Graefelfing"]

1.e4 e5 2.Nf3 Nf6 3.Nxe5 d6 4.Nd3 Nxe4 5.Nf4 c6 6.d4 d5 7.Bd3 Be7 8.Nd2 
Bf5 9.Qe2 O-O 10.O-O Nxd2 11.Bxd2 Bxd3 12.Qxd3 Bd6 13.Rfe1 Nd7 14.b3 Nf6 
15.c4 Qd7 16.Re2 Rfe8 17.Rae1 Rxe2 18.Rxe2 Re8 19.Rxe8+ Qxe8 20.Ne2 Qe4 
21.Qxe4 Nxe4 22.Be1 Kf8 23.f3 Nf6 24.Bh4 Ke7 25.cxd5 cxd5 26.Nc3 Ke6 27.
Bxf6 gxf6 28.g3 Bb4 29.Nd1 f5 30.Kf2 Bd2 31.Ke2 Bb4 32.Nf2 Bc3 33.Kd3 Bb4 
34.Nh3 Be7 35.Ke3 Bf6 36.Nf4+ Kd6 37.Nd3 Bg5+ 38.f4 Bd8 39.Ne5 Ke6 40.Nf3 
f6 41.Ne1 Kd6 42.h3 Kc6 43.Nc2 Be7 44.Kd3 Kd7 45.Ne3 Ke6 46.Nc2 Kd7 47.Kc3
Ke6 48.Ne1 Kd7 49.Nd3 Kc6 50.b4 b6 51.Kb3 Bd6 52.Ka4 Be7 53.Nf2 a6 54.Nd1 
Kd7 55.Kb3 Bd6 56.a4 a5 57.bxa5 1/2-1/2

[Event "30. Augsburger Friedensfest-Open"]
[Site "Augsburg"]
[Date "2025.08.08"]
[Round "3.12"]
[White "Waibel, Manuel"]
[Black "Schork, Stefan"]
[Result "0-1"]
[WhiteElo "1891"]
[BlackElo "2124"]
[EventDate "2025.08.07"]
[Time "09:30:00"]
[WhiteNrv "1891"]
[BlackNrv "2124"]
[WhiteTwz "1891"]
[BlackTwz "2124"]
[WhiteFideId "34608060"]
[BlackFideId "4667590"]
[WhiteNatFedId "10768978"]
[BlackNatFedId "10198152"]
[WhiteAttr "M"]
[BlackAttr "M"]
[WhiteTeam "Schachges. Augsburg 1873"]
[BlackTeam "SC Pforzheim 1906"]

1.e4 c6 2.d4 d5 3.e5 Bf5 4.Nf3 e6 5.Be2 c5 6.c3 Nc6 7.O-O Qb6 8.dxc5 Bxc5 
9.b4 Be7 10.Be3 Qc7 11.Nbd2 h5 12.Qa4 Kf8 13.Bd4 Nh6 14.b5 Nxd4 15.cxd4 g5
16.Rac1 Qb6 17.Nb3 Kg7 18.Nc5 Rhc8 19.Rc3 g4 20.Ne1 Bxc5 21.dxc5 Rxc5 22.
Rxc5 Qxc5 23.Qf4 Qc3 24.Qg5+ Kh7 25.Qxh5 Rg8 26.Qh4 Qd2 27.Bd1 Qxd1 28.Nf3
Qe2 29.Ng5+ Kg7 30.f3 Qxe5 31.fxg4 Qd4+ 0-1

[Event "30. Augsburger Friedensfest-Open"]
[Site "Augsburg"]
[Date "2025.08.08"]
[Round "3.13"]
[White "Foerch, Benedikt"]
[Black "Wang, Simon"]
[Result "1-0"]
[WhiteElo "2114"]
[BlackElo "1865"]
[EventDate "2025.08.07"]
[Time "09:30:00"]
[WhiteNrv "2114"]
[BlackNrv "1865"]
[WhiteTwz "2114"]
[BlackTwz "1865"]
[WhiteFideId "16228758"]
[BlackFideId "34605398"]
[WhiteNatFedId "10052041"]
[BlackNatFedId "10739430"]
[WhiteAttr "M"]
[BlackAttr "M"]
[WhiteTeam "SK Neuburg"]
[BlackTeam "SF Dachau 1932 e.V."]

1.Nf3 d5 2.g3 Nf6 3.Bg2 c6 4.d4 Bf5 5.c4 e6 6.Qb3 Qb6 7.c5 Qxb3 8.axb3 
Bxb1 9.Rxb1 b5 10.Ra1 Nbd7 11.Ra6 Nb8 12.Ra2 Be7 13.Bf4 O-O 14.O-O Nfd7 
15.Rfa1 a6 16.Ne5 Nxe5 17.Bxe5 Bf6 18.Bxf6 gxf6 19.b4 f5 20.f3 Ra7 21.Kf2 
Re8 22.Ra3 Rae7 23.Re3 f6 24.Raa3 e5 25.Bh3 f4 26.gxf4 exf4 27.Rxe7 Rxe7 
28.Bf5 Kg7 29.Ra1 Kh6 30.Rg1 Rg7 31.Rxg7 Kxg7 32.Kg2 Kh6 33.h4 Kg7 34.Kh3 
h5 35.Kg2 Kh6 36.Kf2 Kg7 37.e4 fxe3+ 38.Kxe3 Kf7 39.Kf4 Kg7 40.Bc8 Kf8 41.
Be6 Ke8 42.Kf5 Ke7 43.Bc8 Kf7 44.Bb7 Nd7 45.Bxc6 1-0

[Event "30. Augsburger Friedensfest-Open"]
[Site "Augsburg"]
[Date "2025.08.08"]
[Round "3.14"]
[White "Bossinger, Patrick"]
[Black "Jekel, Wolfgang"]
[Result "1/2-1/2"]
[WhiteElo "2085"]
[BlackElo "1853"]
[EventDate "2025.08.07"]
[Time "09:30:00"]
[WhiteNrv "2085"]
[BlackNrv "1853"]
[WhiteTwz "2085"]
[BlackTwz "1853"]
[WhiteFideId "16219759"]
[BlackFideId "4690370"]
[WhiteNatFedId "10266033"]
[BlackNatFedId "10095176"]
[WhiteAttr "M"]
[BlackAttr "M"]
[WhiteTeam "SV Jedesheim 1921"]
[BlackTeam "SF Voehringen"]

1.e4 d5 2.exd5 Qxd5 3.Nc3 Qd6 4.d4 Nf6 5.Nf3 c6 6.Ne5 Nbd7 7.Nc4 Qc7 8.Qf3
Nb6 9.Bf4 Qd8 10.Ne5 Be6 11.Be2 g6 12.O-O Bg7 13.Rad1 O-O 14.h3 Nbd5 15.
Bh2 Qb6 16.Nc4 Qd8 17.Rfe1 Nb4 18.Rd2 Bf5 19.Ne3 Be6 20.Bf1 Re8 21.a3 Nbd5
22.Nb1 Nxe3 23.fxe3 Bd5 24.Qe2 Ne4 25.Rdd1 b5 26.b3 Qa5 27.c4 bxc4 28.bxc4
Be6 29.g4 f5 30.Bg2 Rad8 31.Qc2 Qa6 32.Bf1 Qb7 33.gxf5 Bxf5 34.Bd3 Nd6 35.
Bxf5 Nxf5 36.Qe4 Nd6 37.Qe6+ Kh8 38.Nd2 Rf8 39.Rb1 Qa6 40.Be5 Rde8 41.Rf1 
Qxa3 42.Rxf8+ Rxf8 43.Bxg7+ Kxg7 44.Qxe7+ Kg8 45.Qe6+ Kg7 46.Qe7+ Kg8 47.
Qe6+ Kg7 48.Qe7+ 1/2-1/2

[Event "30. Augsburger Friedensfest-Open"]
[Site "Augsburg"]
[Date "2025.08.08"]
[Round "3.15"]
[White "Heilig, Tim Markus"]
[Black "Isbilir, Levin"]
[Result "1/2-1/2"]
[WhiteElo "1868"]
[BlackElo "2073"]
[EventDate "2025.08.07"]
[Time "09:30:00"]
[WhiteNrv "1868"]
[BlackNrv "2073"]
[WhiteTwz "1868"]
[BlackTwz "2073"]
[WhiteFideId "16295935"]
[BlackFideId "16267192"]
[WhiteNatFedId "10692999"]
[BlackNatFedId "10593582"]
[WhiteAttr "M"]
[BlackAttr "M"]
[WhiteTeam "SF 1876 Goeppingen"]
[BlackTeam "SC Erlangen 48/88"]

1.d4 d5 2.Nc3 Nf6 3.Bf4 a6 4.e3 b5 5.a3 e6 6.b4 Bb7 7.Nf3 Nbd7 8.Bd3 Be7 
9.O-O O-O 10.h3 Ne4 11.Bxe4 dxe4 12.Nd2 f5 13.Nb3 Bd6 14.Ne2 Bd5 15.Nc5 
Nb6 16.Bh2 Qf6 17.Nf4 Bc4 18.Re1 g6 19.f3 exf3 20.Qxf3 e5 21.Ne2 Bxe2 22.
Qxe2 Rfe8 23.Qd3 Nc4 24.a4 exd4 25.exd4 Bxh2+ 26.Kxh2 Kf7 27.c3 Qd6+ 28.
Kh1 Qd5 29.Qg3 Nd6 30.Qh4 h5 1/2-1/2

[Event "30. Augsburger Friedensfest-Open"]
[Site "Augsburg"]
[Date "2025.08.08"]
[Round "3.16"]
[White "Elsinga, Brian"]
[Black "Brand, Leonhard"]
[Result "0-1"]
[WhiteElo "1851"]
[BlackElo "2052"]
[EventDate "2025.08.07"]
[Time "09:30:00"]
[WhiteNrv "1851"]
[BlackNrv "2052"]
[WhiteTwz "1851"]
[BlackTwz "2052"]
[WhiteFideId "1089439"]
[BlackFideId "34649646"]
[BlackNatFedId "10655780"]
[WhiteAttr "M"]
[BlackAttr "M"]
[WhiteTeam "?"]
[BlackTeam "SK Freising"]

1.c4 c6 2.g3 d5 3.Bg2 e5 4.Nf3 e4 5.Nd4 dxc4 6.e3 Nf6 7.Qc2 Bc5 8.Qxc4 
Bxd4 9.Qxd4 Qxd4 10.exd4 Na6 11.Nc3 Bf5 12.O-O O-O-O 13.f3 exf3 14.Rxf3 
Be6 15.d3 Nb4 16.Bg5 Rxd4 17.Bxf6 gxf6 18.Rxf6 Rxd3 19.Be4 Rd2 20.Rf2 Rhd8
21.Raf1 Nxa2 22.Nxa2 Bxa2 23.Bxh7 Kc7 24.h4 Bc4 25.Rxd2 Rxd2 26.Rf2 Rd1+ 
27.Kh2 Bd5 28.g4 Kd6 29.Kg3 Ke7 30.g5 Rg1+ 31.Kf4 Rh1 32.Kg4 a5 33.Re2+ 
Kf8 34.Be4 Be6+ 35.Kh5 Rh3 36.g6 Kg7 37.Rg2 f5 38.Bc2 Bd5 39.Rf2 Rg3 40.
Bd1 Kf6 41.Be2 Be6 0-1

[Event "30. Augsburger Friedensfest-Open"]
[Site "Augsburg"]
[Date "2025.08.08"]
[Round "3.17"]
[White "Schubert, Martin"]
[Black "Niedermeier, Thomas"]
[Result "1-0"]
[WhiteElo "1899"]
[BlackElo "2227"]
[EventDate "2025.08.07"]
[Time "09:30:00"]
[WhiteNrv "1899"]
[BlackNrv "2227"]
[WhiteTwz "1899"]
[BlackTwz "2227"]
[BlackTitle "FM"]
[WhiteFideId "12951480"]
[BlackFideId "4669983"]
[WhiteNatFedId "10199914"]
[BlackNatFedId "10153852"]
[WhiteAttr "M"]
[BlackAttr "*"]
[WhiteTeam "SF Pfullingen"]
[BlackTeam "SV Ilmmuenster"]

1.c4 f5 2.Nc3 Nf6 3.Nf3 e6 4.g3 Be7 5.Bg2 O-O 6.O-O d6 7.d3 e5 8.e4 Nc6 9.
exf5 Bxf5 10.d4 Bg4 11.h3 Bxf3 12.Bxf3 exd4 13.Nb5 Qd7 14.Bg2 Ne5 15.Nxd4 
Nxc4 16.Bxb7 Rab8 17.Bc6 Qxh3 18.Bg2 Qd7 19.Nc6 Rb5 20.Qa4 Rc5 21.b4 Rh5 
22.Qxa7 d5 23.Nxe7+ Qxe7 24.b5 Ne4 25.Bf4 Nc3 26.Rfe1 Qf6 27.Rac1 Nxb5 28.
Qc5 c6 29.Rxc4 1-0

[Event "30. Augsburger Friedensfest-Open"]
[Site "Augsburg"]
[Date "2025.08.08"]
[Round "3.18"]
[White "Birth, Daniel"]
[Black "Kelembet, Artem"]
[Result "1/2-1/2"]
[WhiteElo "2083"]
[BlackElo "1897"]
[EventDate "2025.08.07"]
[Time "09:30:00"]
[WhiteNrv "2083"]
[BlackNrv "1897"]
[WhiteTwz "2083"]
[BlackTwz "1897"]
[WhiteFideId "4671651"]
[BlackFideId "34684727"]
[WhiteNatFedId "10016923"]
[BlackNatFedId "10828569"]
[WhiteAttr "M"]
[BlackAttr "M"]
[WhiteTeam "SK Rochade Augsburg"]
[BlackTeam "SV Jedesheim 1921"]

1.b3 Nf6 2.Bb2 e6 3.e3 d5 4.f4 Bd6 5.Nf3 O-O 6.Bd3 c5 7.O-O b6 8.Ne5 Ba6 
9.Ng4 Be7 10.Ne5 Bxd3 11.cxd3 Nfd7 12.Qh5 Bf6 13.Rf3 g6 14.Qh6 Bg7 15.
Qxg7+ Kxg7 16.Nc6+ Qf6 17.Bxf6+ Nxf6 18.Nxb8 Raxb8 19.Nc3 Rfd8 20.Ne2 Rbc8
21.Ng3 a5 22.Kf1 b5 23.Ke2 c4 24.Rff1 Nd7 25.bxc4 bxc4 26.Rfc1 cxd3+ 27.
Kxd3 h5 28.Ne2 Nc5+ 29.Kd4 Ne4 30.d3 Nd6 31.Rxc8 Rxc8 32.Ke5 Nf5 33.e4 
dxe4 34.Kxe4 Rc2 35.Ng3 Nxg3+ 36.hxg3 Rxg2 37.Kf3 Rb2 38.Ke4 a4 39.a3 Kf6 
40.Rc1 Rb3 41.Ra1 Ke7 42.Ra2 Kd6 43.Kd4 f6 44.Ke4 Kc5 45.Rc2+ Kb5 46.Ra2 
g5 47.fxg5 fxg5 48.Rh2 h4 49.gxh4 gxh4 50.Rxh4 Rxa3 51.Rh5+ Kb4 52.Re5 Rc3
53.Rxe6 Rc1 54.Rb6+ Kc5 55.Ra6 Re1+ 56.Kf4 Kb4 57.d4 a3 58.d5 Kc5 1/2-1/2